000 00549nam a2200181Ia 4500
999 _c16624
_d16624
003 OSt
005 20200606115949.0
008 190216s9999||||xx |||||||||||||| ||und||
020 _a8190315836
040 _cMESKC library
082 _a891.43
_bTAL/K
100 _aThalwar, Veer Bharat
_9434
245 0 _aKisan Rashtriya Aandolan Aur Premchand: 1918-22 /
_cVeer Bharat Thalwar
260 _bJanith Publications,
_c2008.
_aNew Delhi:
300 _a303p
650 _aHindi
942 _cBK
_2ddc
_h891.43
_iTAL/K
_k891.43
_mTAL/K